000 00358nam a22001337a 4500
005 20260408103535.0
008 260408b |||||||| |||| 00| 0 eng d
082 _a338.91
_bEST-G
245 _aEstimates of Foreign Assistance 2002-2003
260 _aPakistan
_bGovernemnt of Pakistan
_c2003
300 _a37 p.
650 _aManagement Science
942 _cBK
999 _c47245
_d47245